टिकुलिया गोरखपुर की कथा संग्रह / (Record no. 203002)
[ view plain ]
| 000 -LEADER | |
|---|---|
| fixed length control field | 00852nam a22002057a 4500 |
| 005 - DATE AND TIME OF LATEST TRANSACTION | |
| control field | 20240520114355.0 |
| 010 ## - LCCN (DPL NO) | |
| LC control number | HIN-127654 |
| 020 ## - INTERNATIONAL STANDARD BOOK NUMBER | |
| International Standard Book Number | 9789392694448 |
| Terms of availability | 300.00 |
| 035 ## - SYSTEM CONTROL NUMBER | |
| System control number | HN-100000 |
| 037 ## - SOURCE OF ACQUISITION | |
| Source of stock number/acquisition | DBAD |
| 082 ## - DEWEY DECIMAL CLASSIFICATION NUMBER | |
| Classification number | क |
| Edition number | 1 |
| 100 ## - MAIN ENTRY--PERSONAL NAME | |
| Personal name | पंडित, जय शंकर |
| 245 ## - TITLE STATEMENT | |
| Title | टिकुलिया गोरखपुर की कथा संग्रह / |
| Statement of responsibility, etc | जय शंकर पंडित |
| Medium | Hindi |
| 260 ## - PUBLICATION, DISTRIBUTION, ETC. (IMPRINT) | |
| Place of publication, distribution, etc | जयपुर, |
| Name of publisher, distributor, etc | साहित्यागार, |
| Date of publication, distribution, etc | 2022 |
| 270 ## - ADDRESS | |
| Address | धामनी मार्किट कीगली , चौड़ा रास्ता |
| City | जयपुर |
| 300 ## - PHYSICAL DESCRIPTION | |
| Extent | 160पृ. |
| Dimensions | 22 सेमी.(सजिल्द) |
| 650 ## - SUBJECT ADDED ENTRY--TOPICAL TERM | |
| Topical term or geographic name as entry element | हिन्दी |
| 700 ## - ADDED ENTRY--PERSONAL NAME | |
| Personal name | पंडित, जय शंकर |
| 9 (RLIN) | 66436 |
| 942 ## - ADDED ENTRY ELEMENTS (KOHA) | |
| Source of classification or shelving scheme | Dewey Decimal Classification |
| Item type | Hindi Books |
| Classification part | क |
| Call number suffix | पंडित |
| Withdrawn status | Lost status | Not for loan | Collection code | Home library | Current library | Date acquired | Source of acquisition | Cost, normal purchase price | Full call number | Barcode | Copy number | Cost, replacement price | Koha item type |
|---|---|---|---|---|---|---|---|---|---|---|---|---|---|
| Fiction | Central Library | Central Library | 20/05/2024 | DBAD | 300.00 | क पंडित | HN-100000 | 1 | 300.00 | Hindi Books |
